Epidemiological survey on infectious disease of cattle in samraong tong district, kampong speu province, អង្កេតពីការរាតល្បាត​ជំងឺឆ្លងគោដែលជួបប្រទះនៅក្នុងស្រុកសំរោងទង ខេត្តកំពង់ស្ពឺ (Record no. 7179)

000 -LEADER
fixed length control field 00616nam a22001337a 4500
003 - CONTROL NUMBER IDENTIFIER
control field OSt
005 - DATE AND TIME OF LATEST TRANSACTION
control field 20160227153320.0
008 - FIXED-LENGTH DATA ELEMENTS--GENERAL INFORMATION
fixed length control field 160227b xxu||||| |||| 00| 0 eng d
040 ## - CATALOGING SOURCE
Transcribing agency RUA
082 ## - DEWEY DECIMAL CLASSIFICATION NUMBER
Classification number VEM NOR 2014 B435 O.1
245 ## - TITLE STATEMENT
Title Epidemiological survey on infectious disease of cattle in samraong tong district, kampong speu province, អង្កេតពីការរាតល្បាត​ជំងឺឆ្លងគោដែលជួបប្រទះនៅក្នុងស្រុកសំរោងទង ខេត្តកំពង់ស្ពឺ
300 ## - PHYSICAL DESCRIPTION
Extent ix,44p.
Other physical details ill.
Dimensions 29cm.
942 ## - ADDED ENTRY ELEMENTS (KOHA)
Source of classification or shelving scheme
Koha item type VEM
Holdings
Price effective from Date last seen Permanent Location Not for loan Date acquired Source of classification or shelving scheme Koha item type Lost status Withdrawn status Total Renewals Date last checked out Total Checkouts Shelving location Damaged status Barcode Current Location Full call number
2016-02-272016-06-09Library Block B 2016-02-27 VEM   2016-05-251B435 RUA052914Library Block BVEM NOR 2014 B435 O.1
2016-02-272016-02-27Library Block B 2016-02-27 VEM     B435 RUA052915Library Block BVEM NOR 2014 B435 O.2
2016-02-272016-02-27Library Block B 2016-02-27 VEM     B435 RUA052793Library Block BVEM NOR 2014 B435 O.3
2016-02-272018-08-27Library Block B 2016-02-27 VEM   2018-08-101B435 RUA052794Library Block BVEM NOR 2014 B435 O.4
2016-02-272025-06-16Library Block B 2016-02-27 VEM   2025-05-272B435 RUA052738Library Block BVEM NOR 2014 B435 O.5
2016-02-272019-07-29Library Block B 2016-02-27 VEM   2019-07-262B435 RUA052860Library Block BVEM NOR 2014 B435 O.6
2016-02-272017-08-02Library Block B 2016-02-27 VEM  12016-12-122B435 RUA052349Library Block BVEM NOR 2014 B435 O.7
មជ្ឈមណ្ឌលឯការនៃសាកលវិទ្យាល័យភូមិន្ទកសិកម្មចំការដូង

Powered by Koha